000 00428nam a2200169Ia 4500
008 230524s9999 xx 000 0 und d
082 _a510
_bRAI
100 _aB.Rai
245 2 _aA Course in Ordinary Differential equations
250 _a1ST
260 _aNEW DELHI
_bNarosa
_c2004
300 _aXI;457
500 _aQuantity Number: 2
650 _aMathematics
700 _a" B.P.Choudhury , H.I.Freedman,,,"
942 _cBK
999 _c269
_d269